[Event "NOR-chT Codanserien 2017-18"]
[Site "Oslo"]
[Date "2018.01.12"]
[Round "4"]
[White "Flaata, Alexander R"]
[Black "Thanke, Bror"]
[Result "0-1"]
[WhiteElo "2095"]
[BlackElo "2154"]
[Annotator "TA"]
[PlyCount "90"]
[EventDate "2018.??.??"]
[EventType "team-tourn"]
[EventCountry "NOR"]
[SourceTitle "playchess.com"]
[Source "ChessBase"]
[SourceQuality "1"]

{[%evp 10,90,-6,-12,23,24,16,0,20,0,0,0,19,2,20,0,0,-33,-20,-26,-10,-15,-20,-61,-54,-69,-57,-65,-69,-82,-90,-110,-75,-96,-89,-69,-68,-108,-87,-145,-114,-202,-129,-129,-128,-138,-142,-197,-193,-200,-182,-262,-247,-248,-148,-236,-243,-325,-275,-289,-288,-263,-263,-281,-275,-445,-422,-653,-641,-1119,-1105,-1071,-1064,-29983,-29984,-29984,-29985,-29993,-29990,-29995,-29996,-29996,-29997]} 1. e4 e6 2. Nc3 {[%cal Bb1c3,Bc3e4,Be4f2][%mdl 32]} c5 3. f4 Nc6 4. Nf3 a6 5. g3 d5 6. Bg2 dxe4 {B23: Closed Sicilian: Lines without g3} (6... d4 7. Ne2 d3 8. cxd3 Nb4 9. O-O Nxd3 10. Ne1 Nxc1 11. Rxc1 b5 12. e5 Rb8 13. d4 Nh6 14. Bc6+ {1-0 (45) Vocaturo,D (2587)-Ly,M (2462) Tromsoe 2014}) 7. Nxe4 Be7 8. b3 Nf6 {The position is equal.} 9. Nf2 Qc7 10. Bb2 O-O 11. O-O Rd8 $146 ({Predecessor:} 11... b6 12. Nd3 Bb7 13. Qe2 a5 14. a4 {0-1 (43) Wong,Y (1824)-Chiong Zacarias,R (2306) Penang 2013}) 12. Nd3 b5 13. Nde5 Nxe5 14. Bxe5 Qa7 15. Qe2 Bb7 16. h3 c4+ 17. Kh2 Rac8 {[%cal Ba8c8,Bc8c4,Bc4a4,Ba4a3][%mdl 32]} 18. bxc4 Rxc4 19. d3 Ra4 20. Rfe1 Bd5 21. c3 Qd7 22. Bd4 Qc7 23. Be5 Qc8 24. Qc2 ({White should play} 24. Rec1) 24... Ra3 25. Re3 (25. Qe2 $17) 25... h6 26. Qb2 Ra4 27. Bd4 Ba3 28. Qd2 (28. Qf2 $17) 28... Bc5 $19 29. Bxc5 Qxc5 30. Re5 (30. d4 $142 Qd6 31. a3) 30... Qc7 31. Re3 Qa5 (31... Ra3 $19 32. Ne5 Rxc3) 32. Re2 (32. c4 $17 {was necessary.} Qxd2 33. Nxd2 Bxc4 34. Nxc4 bxc4 35. dxc4) 32... Ra3 33. c4 {[#] Qxa5 is the strong threat.} Qxd2 ({Less strong is} 33... bxc4 34. Qxa5 Rxa5 35. dxc4 $17) 34. Rxd2 Bxf3 $1 35. Bxf3 bxc4 36. Rad1 Rdxd3 ({But not} 36... Raxd3 37. Rxd3 Rxd3 38. Rxd3 $19) ({Much less strong is} 36... cxd3 37. Kg1 $19) 37. Be2 $2 {[#]} (37. Rxd3 {is the only way for White.} cxd3 38. Rd2) 37... Rxg3 38. Rd8+ (38. Bxc4 $142 Rxh3+ 39. Kg1) 38... Kh7 39. Bxc4 Rxh3+ 40. Kg1 Rag3+ 41. Kf1 Rh1+ {Black mates.} 42. Ke2 Rh2+ 43. Kf1 Ne4 44. Ke1 Rg1+ 45. Bf1 Ng3 {Precision: White = 33%, Black = 59%.} 0-1

[Event "NOR-chT Codanserien 2017-18"]
[Site "Oslo"]
[Date "2018.01.12"]
[Round "4"]
[White "Gunnesdal, Lars"]
[Black "Svendsen, Bertil"]
[Result "1/2-1/2"]
[WhiteElo "2074"]
[BlackElo "2222"]
[Annotator "TA"]
[PlyCount "104"]
[EventDate "2018.??.??"]
[EventType "team-tourn"]
[EventCountry "NOR"]
[SourceTitle "playchess.com"]
[Source "ChessBase"]
[SourceQuality "1"]

{[%evp 16,104,27,4,10,12,2,6,7,13,22,0,3,0,0,0,18,-18,-15,-20,-11,-51,-51,-60,-54,-54,-50,-48,-31,-41,-29,-53,-37,-47,-42,-93,-92,-87,-61,-100,-52,-100,-102,-110,-99,-106,-5,-103,-29,-58,-4,-182,-11,-10,0,-10,-12,-31,0,-112,0,-179,-29,-319,-289,-269,0,0,0,0,0,0,0,-22,0,0,0,0,0,0,0,0,0,0,26,0,0,0,0,0,0]} 1. e4 c5 2. Nc3 Nc6 3. g3 g6 4. Bg2 Bg7 5. d3 d6 6. Be3 e6 7. Qd2 Nge7 8. Nge2 O-O 9. Bh6 Bxh6 {B26: Closed Sicilian: 3 g3, lines with early Be3} 10. Qxh6 Rb8 11. h4 {Threatens to win with h5.} f6 12. Qd2 e5 13. f4 Bg4 14. Bh3 Bxh3 15. Rxh3 Qd7 16. Rh2 Nd4 17. Nxd4 exd4 $146 ({Predecessor:} 17... cxd4) 18. Nd1 d5 19. Nf2 dxe4 20. dxe4 Qe6 21. Kf1 Kh8 22. a3 Nc6 23. b3 Rbd8 24. Re1 b5 25. h5 {[#]} (25. Kg2 $15) 25... g5 $1 $17 {[%mdl 512]} 26. h6 (26. fxg5 fxg5) 26... Rd7 27. Kg2 gxf4 28. gxf4 Rg8+ 29. Kh1 Rdd8 30. Rg1 f5 (30... c4 $17 31. Rg7 cxb3 32. cxb3 Qxb3) 31. Qe2 (31. Rg7 $1 $11 {keeps the balance.}) 31... c4 (31... Rxg1+ $17 32. Kxg1 d3 $1 {[%mdl 512]} 33. Nxd3 c4) 32. bxc4 bxc4 ({Black should play} 32... Rxg1+ $1 $15 33. Kxg1 bxc4) 33. Qf3 $2 (33. Rg7 $1 $11) 33... fxe4 $2 (33... Rxg1+ $19 34. Kxg1 d3 $1 {[%mdl 512]} 35. cxd3 cxd3) 34. Nxe4 $11 Rxg1+ 35. Kxg1 d3 36. cxd3 cxd3 37. f5 (37. Rg2 $11) 37... Qe5 (37... Qc4 $17 38. Rg2 Qc1+ 39. Kh2 Qxh6+ 40. Kg1 Qh4) 38. Rd2 $2 {[#]} (38. Rg2 $11 {and White stays safe.}) 38... Re8 (38... Qd4+ $1 $19 39. Kh2 Ne5) 39. Ng3 $2 {[%mdl 8192]} (39. f6 $1 $11 {and White is okay.} Qd4+ 40. Kf1) 39... Qe1+ $19 40. Nf1 {[#]} Ne5 $2 ({Black should try} 40... Nd4 $1 $19 {[%cal Rd4f3]} 41. Qxd3 Ne2+ 42. Rxe2 Qxe2 43. Qd4+ Qe5) 41. Qb7 $1 $11 {[%csl Gh6][%cal Rb7g7]} Rg8+ 42. Rg2 {Threatening mate with Rxg8+.} Ng4 43. Qxa7 Qe5 44. Qb6 d2 45. Nxd2 Rb8 46. Qa7 {aiming for Qg7+.} Rb1+ 47. Nf1 {Qg7+! is the strong threat.} Nxh6 48. f6 {[%csl Gf6,Gg2][%cal Ra7g7]} Nf5 49. f7 {[%cal Rf7f8]} Rb8 50. Qxb8+ Qxb8 {The position is equal.} 51. Rg8+ {[#]} Qxg8+ $1 {[%mdl 512]} 52. fxg8=Q+ Kxg8 {Precision: White = 33%, Black = 45%.} 1/2-1/2